000 00946nam a2200205Ii 4500
003 JO-AjNU
008 230605s9999||||xx |||||||||||||| ||und||
017 _a2005/1/166
040 _aJO-AjNU
_bara
_erda
_cJO-AjNU
041 _aara
050 1 4 _aKMM356.6.M84 2005
100 3 _aمعبدي: شوقي نمر,
_eauthor
_921566
245 0 0 _aفي الضوء: ضريبتي الدخل والمبيعات في الاردن، ج1
264 3 1 _aعمان: معبدي للخدمات الضريبية والمحاسبية، 2005
300 _aج1، 352ص
_bالجزء الاول: ضريبة الدخل دراسة تحليلية شاملة لمواد وانظمة وتعليمات القانون(مداخلات جادة للتطوير والتحديث)
336 _atext
_btxt
_2rdacontent
337 _aunmediated
_bn
_2rdamedia
338 _avolume
_bnc
_2rdacarrier
650 4 _aضرائب الدخل-قوانين وتشريعات- الاردن
_921567
999 _aA7513
_c11081
_d11081